Statistics for 10 Best Ski Jumping Countries in the Olympics

Click here to take the quiz!

General Stats

  • This quiz has been taken 575 times
  • The average score is 8 of 10

Answer Stats

rankWinning CountriesGold% Correct
3Germany6
95%
2Norway9
95%
3Austria6
92%
1Finland10
92%
6Poland3
90%
6Japan3
85%
5Switzerland4
81%
9Soviet Union1
49%
9Czechoslovakia1
39%
8East-Germany2
37%

Score Distribution

Percentile by Number Answered

Percent of People with Each Score

Your Score History

You have not taken this quiz